|
|
|
|
| LEADER |
00000nam0a2200000 4500 |
| 001 |
151685 |
| 005 |
20231031150807.0 |
| 020 |
|
|
|a RU
|b 87-91636
|
| 035 |
|
|
|a (RuTPU)RU\TPU\book\164455
|
| 090 |
|
|
|a 151685
|
| 100 |
|
|
|a 20090126d1987 m y0rusy5003 ca
|
| 101 |
0 |
|
|a rus
|
| 102 |
|
|
|a RU
|
| 105 |
|
|
|a a z 000ay
|
| 200 |
1 |
|
|a Друзья человека
|e рассказы о животных
|f сост. А. Г. Казакова ; худож. Б. А. Школьник
|
| 210 |
|
|
|a Москва
|c Правда
|d 1987
|
| 215 |
|
|
|a 496 с.
|c ил.
|d 20 см
|
| 464 |
|
|
|a Троепольский, Г. Н.
|
| 610 |
1 |
|
|a Животные
|
| 610 |
1 |
|
|a русская литература
|
| 610 |
1 |
|
|a рассказы
|
| 675 |
|
|
|a Р2
|z rus
|
| 702 |
|
1 |
|a Казакова
|b А. Г.
|4 220
|
| 702 |
|
1 |
|a Школьник
|b Б. А.
|4 440
|
| 801 |
|
0 |
|a RU
|b RuMRKP
|c 19950417
|g psbo
|
| 801 |
|
1 |
|a RU
|b 63413507
|c 20090126
|g PSBO
|
| 801 |
|
2 |
|a RU
|b 63413507
|c 20141223
|g PSBO
|
| 942 |
|
|
|c BK
|